| 000 | 00834cam a2200193 i 4500 | ||
|---|---|---|---|
| 005 | 20260224093258.0 | ||
| 008 | 250721s2004 jo gr 000 0 ara d | ||
| 082 | 1 | 4 |
_a415 _bد ل ى |
| 100 | 1 |
_aالدليمي، طه علي حسين _eمؤلف. |
|
| 245 | 1 | 0 |
_aأساليب حديثة في تدريس قواعد اللغة العربية / _cالدكتور طه علي حسين الدليمي، الدكتور كامل محمود نجم الدليمي. |
| 250 | _aالطبعة العربية الأولى. | ||
| 264 | 3 | 1 |
_aعمان : _bدار الشروق للنشر والتوزيع، _c2004. |
| 300 | _a280 صفحة. | ||
| 650 | 1 | 7 | _aقواعد اللغة. |
| 650 | 1 | 7 | _aاللغة العربية. |
| 700 | 1 |
_aالدليمي، كامل محمود نجم _eمؤلف. |
|
| 942 |
_2ddc _cBK |
||
| 999 |
_c92171 _d92171 |
||